000 00262nam a2200109 a 4500
005 20140414132056.0
008 100520s19uu xx 00 eng d
050 _aREF 621.8
_bD53 1995
245 _aDictionary of machines.
650 _aMachines
999 _c114323
_d114323